LIBRARY ONLINE CATALOGUE

The Right to have rights : (Record no. 10333)

MARC details
000 -LEADER
fixed length control field 00658nam a22002172 4500
001 - CONTROL NUMBER
control field 0000024554
005 - DATE AND TIME OF LATEST TRANSACTION
control field 20151217152304.0
008 - FIXED-LENGTH DATA ELEMENTS--GENERAL INFORMATION
fixed length control field 140106s xx 000 0 eng d
020 ## - INTERNATIONAL STANDARD BOOK NUMBER
International Standard Book Number 0199600823 :
040 ## - CATALOGING SOURCE
Original cataloging agency KABU
Transcribing agency KABU
100 1# - MAIN ENTRY--PERSONAL NAME
Personal name Kesby, Alison.
-- 0000184834
245 14 - TITLE STATEMENT
Title The Right to have rights :
Remainder of title citizenship, humanity, and international law /
Statement of responsibility, etc. Alison Kesby.
250 ## - EDITION STATEMENT
Edition statement 1st ed.
260 ## - PUBLICATION, DISTRIBUTION, ETC. (IMPRINT)
Place of publication, distribution, etc. Oxford :
Name of publisher, distributor, etc. O. U. P.,
Date of publication, distribution, etc. 2012.
300 ## - PHYSICAL DESCRIPTION
Extent xxii, 164 p.
650 #0 - SUBJECT ADDED ENTRY--TOPICAL TERM
Topical term or geographic name as entry element Human rights.
-- 0000150298
650 #0 - SUBJECT ADDED ENTRY--TOPICAL TERM
Topical term or geographic name as entry element Citizenship.
-- 0000160009
852 1# - LOCATION
-- p8640 KES
908 ## - PUT COMMAND PARAMETER (RLIN)
Put command parameter 140106
950 ## - LOCAL HOLDINGS (RLIN)
-- 1
Holdings
Withdrawn status Lost status Source of classification or shelving scheme Not for loan Home library Current library Date acquired Total Checkouts Full call number Barcode Date last seen Date last checked out Price effective from Koha item type
    Library of Congress Classification   Kabarak, Main Campus Kabarak, Main Campus 17/12/2015 4 K3240 .K47 2012 c. 1 016212 30/10/2025 18/06/2025 17/12/2015 General Collection